000 00388nam a2200169Ia 4500
003 0100
008 130303s9999 xx 000 0 und d
040 _cARRUPELIB
050 _aPN6162.P37
100 _aPendleton, Winston K
245 _a2121 funny stories and how to tell them
260 _aSt. Louis MO
260 _bBethany Pr.
260 _C1964
300 _a479p
942 0 0 _01
999 _c40639
_d40639